Развитие и структура отраслей непроизводственной сферы

Бібліографічні деталі
Співавтор: Академия наук Украинской ССР Институт экономики
Інші автори: Козак В. Е. (редактор)
Мова:Російська
Опубліковано: Киев, Наукова думка, 1979
Предмети:
Формат: Книга
KOHA link:https://koha.lib.tpu.ru/cgi-bin/koha/opac-detail.pl?biblionumber=367218

MARC

LEADER 00000nam0a2200000 4500
001 367218
005 20231102011947.0
035 |a (RuTPU)RU\TPU\retro\24581 
090 |a 367218 
100 |a 20220304d1979 km y0rusy50 ca 
101 0 |a rus 
102 |a UA 
105 |a y z 001zy 
200 1 |a Развитие и структура отраслей непроизводственной сферы  |f Академия наук Украинской ССР, Институт экономики ; отв. ред. В. Е. Козак 
210 |a Киев  |c Наукова думка  |d 1979 
215 |a 260 с. 
320 |a Библиография в ссылках 
606 1 |a Непроизводственная сфера  |x Экономика  |2 stltpush  |3 (RuTPU)RU\TPU\subj\36505  |9 57859 
610 1 |a отрасли 
610 1 |a структура 
610 1 |a экономическое развитие 
610 1 |a темы 
610 1 |a экономическая эффективность 
610 1 |a трудовые ресурсы 
686 |a У9(2)49  |v LBC/SL-A  |2 rubbk 
702 1 |a Козак  |b В. Е.  |4 340 
712 0 2 |a Академия наук Украинской ССР  |b Институт экономики  |2 stltpush  |3 (RuTPU)RU\TPU\col\11343  |9 25048 
801 1 |a RU  |b 63413507  |c 20220304 
942 |c BK